Adab-E-Moiniya. (Record no. 8092)

MARC details
000 -LEADER
fixed length control field 00614nam a2200241 a 4500
020 ## - INTERNATIONAL STANDARD BOOK NUMBER
ISBN
082 00 - DEWEY DECIMAL CLASSIFICATION NUMBER
Classification number 297.4
Author Cutter KAZ
100 ## - MAIN ENTRY--AUTHOR NAME
Author name Kazimi, Moin-Ud-Din
245 ## - TITLE STATEMENT
Title Adab-E-Moiniya.
260 ## - PUBLICATION, DISTRIBUTION, ETC. (IMPRINT)
Place of publication Lucknow
Name of publisher Munshi Nol Kishore
Year of publication 1986
300 ## - PHYSICAL DESCRIPTION
Number of Pages 35p
500 ## - GENERAL NOTE
General note includes index and biblioraphy
505 2# - FORMATTED CONTENTS NOTE
Formatted contents note maulana hafiz daraz al-hashiyatah/Al-minhiyal-al-salam
650 ## - SUBJECT ADDED ENTRY--TOPICAL TERM
Topical Term Sufism-Iran
942 ## - ADDED ENTRY ELEMENTS (KOHA)
Koha item type Books
700 1# -
-- Kazimi, Moin-Ud-Din
Holdings
Collection code Home library Current library Date acquired Cost, normal purchase price Full call number Accession Number Koha item type
  Henry Martyn Institute Library Henry Martyn Institute Library 09/13/2007 100.00 297.4 KAZ 013478 Books
                   Copyright © 2026 | Henry Martyn Institute | Hyderabad | TS-500052 | INDIA | Implemented by hmi.edu.in
Hit-Count:

Powered by Koha